000 00419nam a2200181Ia 4500
005 20240823032901.0
008 240823s9999||||xx |||||||||||||| ||und||
041 _aENGLISH
082 _A514 N0
100 _aDeshpande J.V
245 0 _aIntroduction to Topology
250 _a1st
260 _c1990
_b"TMH,New Delhi"
500 _aTRANSFERED
650 _aTopology
_bMathematics
942 _cBK
999 _c194486
_d194486